Iron Man Enemies Quiz Stats

 Plays Quiz not verified by Sporcle

Score 0/43 Timer 10:00
0 Plays Today
Hint Answer % Correct
Tales of Suspense vol. 1 #50 (February 1964)Mandarin
93.8%
Tales of Suspense vol. 1 #97 (January 1968)Whiplash
89.7%
Iron Man vol. 1 #163 (February 1982)Obadiah Stane
89.7%
Strange Tales vol. 1 #89 (October 1961)Fin Fang Foom
80.4%
Tales of Suspense vol. 1 #46 (October 1963)Crimson Dynamo
78.4%
Tales of Suspense vol. 1 #69 (September 1965)Titanium Man
74.2%
Iron Man vol. 1 #120 (March 1979)Justin Hammer
72.2%
Tales of Suspense vol. 1 #94 (October 1967)MODOK
64.9%
Iron Man vol. 1 #17 (September 1969)Madame Masque
56.7%
Iron Man vol. 1 #219 (June 1987)Ghost
45.4%
Tales of Suspense vol. 1 #47 (November 1963)Melter
45.4%
Tales of Suspense vol. 1 #45 (September 1963)Blizzard
43.3%
Iron Man vol. 1 #146 (May 1981)Blacklash
36.1%
Tales to Astonish vol. 1 #52 (February 1964)Black Knight
30.9%
Tales to Astonish #81 (July 1966)Boomerang
27.8%
Iron Man vol. 1 #12 (April 1969)Controller
27.8%
The Order vol. 1 #8 (April 2008)Ezekiel Stane
27.8%
Iron Man vol. 1 #33 (January 1971)Spymaster
25.8%
Tales of Suspense vol. 1 #82 (October 1966)Super-Adaptoid
24.7%
Tales of Suspense vol. 1 #56 (August 1964)Unicorn
24.7%
Iron Man vol. 1 #17 (September 1969)Midas
23.7%
Tales of Suspense vol. 1 #77 (May 1966)Ultimo
22.7%
Hint Answer % Correct
Iron Man vol. 1 #188 (November 1984)Brothers Grimm
20.6%
Iron Man vol. 1 #27 (June 1970)Firebrand
19.6%
Tales of Suspense vol. 1 #51 (March 1964)Scarecrow
18.6%
Iron Man vol. 5 #25 (June 2008)Detroit Steel
17.5%
Strange Tales vol. 1 #141 (February 1968)Fixer
15.5%
Iron Man vol. 1 #55 (February 1973)Blood Brothers
14.4%
Tales of Suspense vol. 1 #74 (February 1966 )Freak
14.4%
Iron Man vol. 1 #101 (August 1977)Dreadknight
13.4%
Iron Man vol. 1 #31 (November 1970)Guardsman
12.4%
Iron Man vol. 1 #114 (September 1978)Arsenal
11.3%
Iron Man vol. 1 #294 (July 1993)Technovore
10.3%
Iron Man vol. 3 #53 (June 2002)Temugin
7.2%
Iron Man vol. 1 #186 (September 1984)Vibro
7.2%
Iron Man vol. 1 #143 (February 1981)Sunturion
6.2%
Tales of Suspense vol. 1 #40 (April 1963)Gargantus
5.2%
Iron Man vol. 4 #1 (January 2005)Mallen
5.2%
Iron Man vol. 1 #24 (April 1970)Minotaur
5.2%
Tales of Suspense vol. 1 #91 (July 1967)Crusher
4.1%
Tales of Suspense vol. 1 #43 (July 1963)Kala
3.1%
Iron Man Annual #13 (July 1990)Kearson DeWitt
2.1%
Iron Man vol. 1 #145 (April 1981)Raiders
2.1%

You're not logged in!

Compare scores with friends on all Sporcle quizzes.
OR
Log In

Sporcle TV

Today on Sporcle TV


Watch our educational content, quiz creation guides, and fun videos on Sporcle TV.

Show Comments

Extras

Top Quizzes Today


Score Distribution

Your Account Isn't Verified!

In order to create a playlist on Sporcle, you need to verify the email address you used during registration. Go to your Sporcle Settings to finish the process.

Report this User

Report this user for behavior that violates our Community Guidelines.

Details: